01007nas a2200217 4545000010006000000050017000060080037000230030015000600400040000750800109001152450050002242640042002743100153003161000020004697000066004896500030005556500032005856500024006176500027006418560121006682049120260407193506.0260407s1986####ag###########|||spa#dAR-UNSa-BCEJYS aAR-UNSa-BCEJYSbspacAR-UNSa-BCEJYS a339.9xEconomía internacional en general. Relaciones económicas internacionales. Economía mundial 10aJournal of international economic integration 1aSeoul :bKing Sejong Universityc1986 aFrecuencia: Irregular Cambia de Director a partir del Vol. 2, Nº 2 por Han Gwang Choo Cambia de Director a partir del Vol. 5, Nº 1 por Hwan Ho Lee1 aChoi, Jeong Pyo1 aKing Sejong University. Institute for International Economics aIntegración económica aInvestigación económica aDesarrollo regional aECONOMIA INTERNACIONAL41uhttps://biblioeco.unsa.edu.ar/pmb/images/revistas/Journal of Economic Integration.jpgyImagen de portadaqimage/jpeg